Zaynen yorn gelofn : mayn lebns geshikhṭe /

זיינען יארן געלאפן : מיין לעבנס געשיכטע /
Bibliographic Details
Main Author: Andres, Ḥayah Raḥel, 1899-
Corporate Author: Alexander Street (Firm)
Other Authors: Cohen, Yudel, Cohen, Jeanette
Format: eBook
Language:Yiddish
Published: Dallas, Tex. : Ḥ.R. Andres, ©1981.
Series:North American immigrant letters, diaries and oral histories.
Subjects:
Online Access:Connect to the full text of this electronic book

MARC

Tag First Indicator Second Indicator Subfields
LEADER 00000cam a2200000Mi 4500
001 in00005636070
006 m o d
007 cr |n|---||a|a
008 811009s1981 txuacf o 000 0ayidrd
005 20250331201313.3
035 |a (OCoLC)ocn183268606 
040 |a UAB  |b eng  |e pn  |c UAB  |d OCLCG  |d OCLCQ  |d ALSTP  |d OCLCQ  |d OCLCF  |d OCLCO  |d OCLCQ  |d MAYHB  |d OCLCO  |d OCLCQ  |d OCLCO  |d OCLCQ  |d ICO  |d OCLCQ  |d INT  |d BRX  |d OCLCQ  |d YOU  |d OCLCQ  |d OCL  |d OCLCO  |d OCLCL 
066 |c (2 
019 |a 593601956  |a 605967261  |a 654874137  |a 747768285  |a 1014392776  |a 1014436693  |a 1256323913 
035 |a (OCoLC)183268606  |z (OCoLC)593601956  |z (OCoLC)605967261  |z (OCoLC)654874137  |z (OCoLC)747768285  |z (OCoLC)1014392776  |z (OCoLC)1014436693  |z (OCoLC)1256323913 
043 |a n-us-tx 
050 4 |a PJ5129.A74  |b Z2 1981 
082 0 4 |a 839/.0913  |a B  |2 19 
049 |a TXAM 
100 1 |6 880-01  |a Andres, Ḥayah Raḥel,  |d 1899-  |1 https://id.oclc.org/worldcat/entity/E39PCjJypp9gJK3MqvxKYVMv6q 
245 1 0 |6 880-02  |a Zaynen yorn gelofn :  |b mayn lebns geshikhṭe /  |c Ḥayah Raḥel Andres ; forrede un iberzetsungen oyf English fun Yudl Ḳohen ; [edited by Jeanette Cohen]. 
260 |a Dallas, Tex. :  |b Ḥ.R. Andres,  |c ©1981. 
300 |a 1 online resource (194 pages, 2 unnumbered leaves of plates) :  |b illustrations, portraits 
336 |a text  |b txt  |2 rdacontent 
337 |a computer  |b c  |2 rdamedia 
338 |a online resource  |b cr  |2 rdacarrier 
500 |a Autobiography and poems. 
500 |a English and Yiddish. 
500 |a Title on added t.p.: Years have sped by. 
588 0 |a Print version record. 
600 1 0 |6 880-03  |a Andres, Ḥayah Raḥel,  |d 1899- 
600 1 4 |6 880-04  |a Andres, Ḥayah Raḥel,  |d 1899- 
600 1 7 |a Andres, Ḥayah Raḥel,  |d 1899-  |2 fast  |0 (OCoLC)fst00126588 
650 0 |a Jews  |z Texas  |z Dallas  |v Biography. 
650 0 |a Authors, Yiddish  |z Texas  |z Dallas  |v Biography. 
651 0 |a Dallas (Tex.)  |v Biography. 
650 6 |a Juifs  |z Texas  |z Dallas  |v Biographies. 
650 6 |a Écrivains yiddish  |z Texas  |z Dallas  |v Biographies. 
650 7 |a Authors, Yiddish.  |2 fast  |0 (OCoLC)fst00822435 
650 7 |a Jews.  |2 fast  |0 (OCoLC)fst00983135 
651 7 |a Texas  |z Dallas.  |2 fast  |0 (OCoLC)fst01204635  |1 https://id.oclc.org/worldcat/entity/E39PBJcGqh6Bht3w7Whg3xmKh3 
655 7 |a Electronic books.  |2 local 
655 7 |a Biographies.  |2 fast  |0 (OCoLC)fst01919896 
700 1 |a Cohen, Yudel. 
700 1 |a Cohen, Jeanette. 
710 2 |a Alexander Street (Firm) 
740 0 |a Years have sped by. 
776 0 8 |i Print version:  |a Andres, Ḥayah Raḥel, 1899-  |t Zaynen yorn gelofn.  |d Dallas, Tex. : Ḥ.R. Andres, ©1981  |w (DLC) 81185462 
830 0 |a North American immigrant letters, diaries and oral histories. 
856 4 0 |u http://proxy.library.tamu.edu/login?url=https://www.aspresolver.com/aspresolver.asp?MARC;4172077  |z Connect to the full text of this electronic book  |t 0 
880 1 |6 100-01/(2/r  |a אנדרעס, חיה רחל,  |d 1899- 
880 1 0 |6 245-02/(2/r  |a זיינען יארן געלאפן :  |b מיין לעבנס געשיכטע /  |c חיה רחל אנדרעס ; פאררעדע און איבערזעצונגען אויף ענגליש פון יודל קאהען ; [edited by Jeanette Cohen]. 
880 1 4 |6 600-03/(2/r  |a אנדרעס, חיה רחל. 
880 1 4 |6 600-04/(2/r  |a אנדרעס, חיה רחל. 
880 |6 758-00  |i has work:  |a זיינען יארן געלאפן (Text)  |1 https://id.oclc.org/worldcat/entity/E39PCG7mJVpw4CXBrxgPKbB6w3  |4 https://id.oclc.org/worldcat/ontology/hasWork 
955 |a Alexander Street - North American Immigrant Letters, Diaries, and Oral Histories 
994 |a 92  |b TXA 
999 f f |s 63918d08-0393-4d6b-9a11-89f7e44dc974  |i a13250e5-f0ad-4535-b4d1-e35bb17613fd  |t 0 
952 f f |a Texas A&M University  |b College Station  |c Electronic Resources  |d Available Online  |t 0  |e PJ5129.A74 Z2 1981  |h Library of Congress classification 
998 f f |a PJ5129.A74 Z2 1981  |t 0  |l Available Online